000 00394nam a2200133Ia 4500
008 220217s9999||||xx |||||||||||||| ||und||
020 _a81-203-1920-6
082 _a005.74 NAR
100 _aNarang, Rajesh
245 0 _aObject oriented interfaces and databases
260 _aPrentice hall of india private Ltd.
_bNew Delhi
_c2003
300 _b175
650 _aDATA FILES & DATABASE
_9695
999 _c177060
_d177060